Control of electrical drives (Record no. 11132)

MARC details
000 -LEADER
fixed length control field 00573nam a2200193Ia 4500
003 - CONTROL NUMBER IDENTIFIER
control field IN-BaIIA
008 - FIXED-LENGTH DATA ELEMENTS--GENERAL INFORMATION
fixed length control field 211028s9999 xx 000 0 eng d
020 ## - INTERNATIONAL STANDARD BOOK NUMBER
International Standard Book Number 81-85198-81-0
040 ## - CATALOGING SOURCE
Transcribing agency IIA Library
080 ## - UNIVERSAL DECIMAL CLASSIFICATION NUMBER
Universal Decimal Classification number 621-83
Item number LEO
100 ## - MAIN ENTRY--PERSONAL NAME
Personal name Leonhard, W
9 (RLIN) 19060
245 #0 - TITLE STATEMENT
Title Control of electrical drives
Statement of responsibility, etc. W. Leonhard
260 ## - PUBLICATION, DISTRIBUTION, ETC.
Place of publication, distribution, etc. New Delhi
Name of publisher, distributor, etc. Narosa Publishing House
Date of publication, distribution, etc. 1992
300 ## - PHYSICAL DESCRIPTION
Extent xvi, 346p.
650 ## - SUBJECT ADDED ENTRY--TOPICAL TERM
Topical term or geographic name entry element Electrical drives
9 (RLIN) 19061
650 ## - SUBJECT ADDED ENTRY--TOPICAL TERM
Topical term or geographic name entry element Electrical energy
9 (RLIN) 19062
650 ## - SUBJECT ADDED ENTRY--TOPICAL TERM
Topical term or geographic name entry element NASA thesaurus
942 ## - ADDED ENTRY ELEMENTS (KOHA)
Koha item type Books
Holdings
Withdrawn status Lost status Damaged status Not for loan Home library Current library Shelving location Date acquired Cost, normal purchase price Total Checkouts Full call number Barcode Date last seen Cost, replacement price Price effective from Koha item type Purchase Price
        IIA Library-Bangalore IIA Library-Bangalore General Stacks 26/08/1994 247.00   621-83/ LEO 12046 05/11/2021 247.00 26/08/1994 Books Rs. 247.00

Powered by Koha